Chronicling A ajourney: Beginnings mentors and momentous milestones (Record no. 231403)
[ view plain ]
| 000 -LEADER | |
|---|---|
| fixed length control field | 00609nam a22001937a 4500 |
| 005 - DATE AND TIME OF LATEST TRANSACTION | |
| control field | 20250614123748.0 |
| 008 - FIXED-LENGTH DATA ELEMENTS--GENERAL INFORMATION | |
| fixed length control field | 240706b ||||| |||| 00| 0 eng d |
| 040 ## - CATALOGING SOURCE | |
| Transcribing agency | AL |
| 041 ## - LANGUAGE CODE | |
| Language code of text/sound track or separate title | English |
| 082 ## - DEWEY DECIMAL CLASSIFICATION NUMBER | |
| Edition number | 23 |
| Classification number | 378.05 |
| Item number | KAPC |
| 100 ## - MAIN ENTRY--PERSONAL NAME | |
| Personal name | Dolly Kapoor Ed |
| 100 ## - MAIN ENTRY--PERSONAL NAME | |
| 9 (RLIN) | 215060 |
| 245 ## - TITLE STATEMENT | |
| Title | Chronicling A ajourney: Beginnings mentors and momentous milestones |
| 260 ## - PUBLICATION, DISTRIBUTION, ETC. | |
| Place of publication, distribution, etc. | Delhi |
| Name of publisher, distributor, etc. | Jesus and Mary College |
| Date of publication, distribution, etc. | 2019 |
| 300 ## - PHYSICAL DESCRIPTION | |
| Extent | 173 p. |
| Other physical details | HB |
| Dimensions | 30x22 cm. |
| 650 ## - SUBJECT ADDED ENTRY--TOPICAL TERM | |
| Topical term or geographic name entry element | In Commemoration of the Golden Jubilee 1968-2018 |
| 9 (RLIN) | 172787 |
| 700 ## - ADDED ENTRY--PERSONAL NAME | |
| Personal name | KAPOOR (Dolly) Ed |
| 9 (RLIN) | 172788 |
| 700 ## - ADDED ENTRY--PERSONAL NAME | |
| Personal name | ANDREW (Sona V) |
| 9 (RLIN) | 172789 |
| 942 ## - ADDED ENTRY ELEMENTS (KOHA) | |
| Source of classification or shelving scheme | Dewey Decimal Classification |
| Koha item type | Donated Books |
| Withdrawn status | Lost status | Source of classification or shelving scheme | Damaged status | Not for loan | Collection code | Home library | Current library | Date acquired | Total Checkouts | Full call number | Barcode | Date last seen | Price effective from | Koha item type | Public note |
|---|---|---|---|---|---|---|---|---|---|---|---|---|---|---|---|
| Dewey Decimal Classification | Others | St Aloysius Library | St Aloysius Library | 04/04/2024 | 378.05 KAPC | D06169 | 07/06/2024 | 07/06/2024 | Donated Books | Donated by Rev Dr Praveen Martis SJ |